[Event "St Petersburg-ch"]
[Site "St Petersburg"]
[Date "1997.03.13"]
[Round "8"]
[White "Vorotnikov, Vladislav V"]
[Black "Gubanov, Anton"]
[Result "1-0"]
[WhiteElo "2495"]
[BlackElo "2370"]
[Annotator "Har Zvi,R"]
[PlyCount "57"]
[EventDate "1997.03.04"]
[EventType "swiss"]
[EventRounds "9"]
[EventCountry "RUS"]
[SourceTitle "CBM 058"]
[Source "ChessBase"]
[SourceDate "1997.06.01"]
[SourceVersion "1"]
[SourceVersionDate "1997.06.01"]
[SourceQuality "1"]

1. e4 {Mowsziszian,K} d6 2. d4 Nf6 3. Nc3 g6 4. Nf3 Bg7 5. Bf4 Nc6 (5... Bg4 6.
h3 Bxf3 7. Qxf3 Nfd7 8. O-O-O O-O 9. e5 Nc6 10. Bb5 Na5 11. Rhe1 $16 {
Vorotnikov,V-Vadasz,L Moscow 1990}) (5... c6 6. Qd2 Qa5 7. h3 Nbd7 8. O-O-O b5
$4 9. e5 b4 $2 10. exf6 bxc3 11. Qxc3 $18 {the game is over if 11...QxQ 12.
Fxg7,you ask who was black? well player number 20 at the world that time! 
Stangal,M-Azmaiparashvili,Z Tilburg 1994}) (5... O-O 6. Qd2 c6 (6... Bg4 7. Be2
Nc6 8. d5 Bxf3 9. gxf3 (9. Bxf3 Ne5 10. Be2 c6 11. dxc6 bxc6 12. O-O Qc7 13.
Rab1 Rfd8 14. Rfd1 a5 $13 {Itkis,B-Damljanovic,B JUG-chT 1994}) 9... e5 10.
dxc6 exf4 11. cxb7 Rb8 12. Ba6 Nd7 $44 {/=/+ Markov,J-Cherniaev,H Vladivostok
op 1995}) 7. O-O-O (7. Bh6 Qa5 8. Bxg7 Kxg7 9. O-O-O Rd8 10. Kb1 Bg4 11. Qe3
Nbd7 12. h3 Bxf3 13. gxf3 e5 $13 {Benjamin,J-Lau,R Palma GMA op 1989}) 7... b5
8. e5 b4 9. Nb1 Nd5 10. Bh6 Nd7 11. h4 dxe5 12. h5 Bxh6 13. Qxh6 e4 14. hxg6
N7f6 15. g7 Re8 16. Ne5 $18 {Vorotnikov,V-Mironov,R moscow 1992}) 6. Qd2 (6. d5
{Mowsziszian,K} e5 $1) 6... O-O 7. O-O-O $5 {an interesting decision by white,
since black has already played Nc6 it is much for difficult for him to attack
on the queen's side,since without Nc6 he playes c6-b5 with chances for both
sides,now after his idea in the game white gets a very pleasent position} (7.
d5 {Mowsziszian,K} e5 8. dxe6 Bxe6 9. O-O-O Bg4 10. Bh6 Re8 11. Bxg7 Kxg7 12.
Qf4 Qe7 13. Bb5 a6 14. Bxc6 bxc6 15. Rhe1 Bxf3 16. Qxf3 Qe5 17. Qg3 Qxg3 {
1/2-1/2 Westermeier,A-Schussler,H/BL 8182 (1982) ;BL 1982}) 7... Bg4 8. Be2 (8.
d5 {Mowsziszian,K} Bxf3 9. gxf3 Ne5 10. Be2 c6 11. dxc6 bxc6 12. Bh6 Qb6 13. h4
Rab8 14. b3 Bxh6 15. Qxh6 Qxf2 16. h5 Kh8 17. f4 Neg4 18. Bxg4 Nxg4 19. Qg5 Ne3
20. Rd2 Qf3 21. Qh4 Ng2 22. Qh2 Qxc3 23. Rxg2 {1/2-1/2 Aagaard,J-Hoi,C/
Copenhagen op (05) ;EXP 47 1995}) 8... Bxf3 9. Bxf3 e5 (9... Nd7 10. Be3 Nb6
11. Qe2 $1 {[%csl Rc6]}) 10. dxe5 dxe5 (10... Nxe5 11. Be2 {[%csl Ge2,Gf4]})
11. Be3 Qc8 {Mowsziszian: Diese Stellung ähnelt den bekannten Stellungen mit
dem König auf g1. Dort hat Weiß keinen Vorteil, und hier auch nicht.} (11...
Qxd2+ 12. Rxd2 Rfd8 $14) (11... Qe7 {Mowsziszian,K} 12. Nd5 (12. Bg5 Qc5) 12...
Nxd5 13. exd5 Nd4) 12. Qe2 $1 {the queen is going to c4,it's best place} Rd8 (
12... Qe6 13. Nd5 $14 (13. Qb5) (13. Qb5 {Mowsziszian,K} Rfb8 14. Nd5 Nd4 15.
Bxd4 exd4 $11)) 13. Qc4 Ng4 $2 (13... Nd4 $5 {Mowsziszian: Es war Zeit exakt
zu rechnen.} 14. Bxd4 exd4 15. Rxd4 Rxd4 16. Qxd4 Ng4 17. Qc5 b6 18. Bxg4 Qxg4
19. Qc6 Rd8 $1 20. Qxc7 Rc8 21. Qg3 Qe6 $1 22. Qh3 (22. Kb1 Bxc3 23. bxc3 Qxe4
$44) 22... Qxh3 23. gxh3 Bxc3 24. bxc3 Rxc3 $11) 14. Rxd8+ Nxd8 15. Bxg4 Qxg4
16. Qxc7 Rc8 (16... Qxg2 17. Rd1 Bf6 (17... Ne6 18. Qxb7 (18. Qxb7 {
Mowsziszian,K} Rf8 19. Qxa7 $16)) 18. Nd5 Bg5 (18... Bh4 19. Ne7+ Bxe7 (19...
Kg7 20. Rxd8 $18) 20. Qxe7 Ne6 21. Qxb7 $18) 19. Ne7+ (19. Bxg5 $2 Qxg5+ 20. f4
exf4 21. Ne7+ Kg7 22. Rxd8 Rxd8 23. Qxd8 f3+) 19... Kg7 20. Rxd8 (20. Qxe5+ f6
(20... Bf6 21. Bh6+ Kxh6 22. Ng8+ $1 Kg7 23. Nxf6 $18 Nc6 24. Ne8+) 21. Qc7
Bxe3+ 22. fxe3 Nf7 23. Qxb7) 20... Rxd8 21. Qxd8 Qf1+ 22. Qd1 Qxd1+ 23. Kxd1
Bxe7 24. Bxa7 $18) 17. Qe7 Bf8 (17... Qxg2 $2 18. Qe8+ Bf8 19. Rd1 $18) 18.
Qxe5 (18. Qg5) 18... Nc6 $4 {well I can not understand this move,of course
even after Qxg2 19.Rd1 Nc6 20.Qg3 black is much worse maybe losing,but why not
to take a pawn??} (18... Qxg2) (18... Qxg2 {Mowsziszian,K} 19. Rd1 Nc6 20. Qg3
$16) 19. Qg5 $18 Qe6 20. Qd5 Qg4 21. Rg1 Rd8 22. h3 Qc8 23. Qc4 Qb8 24. Nd5 Qh2
25. f4 Qg3 26. Qe2 Bh6 27. Rd1 f5 28. exf5 gxf5 29. Ne7+ 1-0

[Event "RUS-Cup9"]
[Site "Novgorod"]
[Date "1997.??.??"]
[Round "6"]
[White "Yakovich, Yuri"]
[Black "Zakharevich, Igor"]
[Result "0-1"]
[WhiteElo "2575"]
[BlackElo "2505"]
[Annotator "Har Zvi,R"]
[PlyCount "74"]
[EventDate "1997.06.11"]
[EventType "swiss"]
[EventRounds "9"]
[EventCountry "RUS"]
[SourceTitle "CBM 060"]
[Source "ChessBase"]
[SourceDate "1997.09.29"]
[SourceVersion "1"]
[SourceVersionDate "1997.09.29"]
[SourceQuality "1"]

1. d4 d6 2. e4 Nf6 3. Nc3 g6 4. Nf3 Bg7 5. Be2 O-O 6. O-O Bg4 7. Be3 Nc6 8. d5
(8. Bb5 Nd7 9. Bxc6 bxc6 10. h3 Bxf3 11. Qxf3 e5 (11... Rb8 $5) 12. Rad1 Qb8
13. b3 Qb4 14. Ne2 Qa3 15. Nc1 c5 (15... exd4 16. Bxd4 Bxd4 17. Rxd4 c5 (17...
Qc5 $142 18. Qd1 f5 $132) 18. Rd2 Rfe8 19. Re1 a5 20. Ne2 Qxa2 21. Nc3 Qb2 22.
Rb1 Qa3 23. Nd5 Ra7 24. Qc3 $16 {Rozentalis,E-Nijboer,F/Groningen 1992}) 16.
dxc5 Nxc5 17. Bxc5 Qxc5 18. c4 a5 19. Rd5 Qa3 20. c5 dxc5 21. Qc3 Qb4 $13 {
Rozentalis,F-Nijboer,F/Groningen 1992}) (8. Nd2 Qc8 (8... Bxe2 9. Qxe2 e5 10.
d5 Ne7 (10... Nd4 11. Qd3 c6 12. Bg5 Qd7 13. f4 h6 14. fxe5 Ng4 15. Bf6 dxe5
16. Bxg7 Kxg7 17. Nf3 Nxf3+ 18. Qxf3 f5 19. Rad1 h5 20. h3 $16 {Hansen,C-Stohl,
I/Groningen 1982}) 11. a4 c6 12. dxc6 bxc6 13. Rfd1 d5 14. Bc5 Qc7 15. Nb3 Rfd8
16. exd5 Nexd5 17. Ne4 Nxe4 18. Qxe4 h6 $11 {Taimanov,M-Gefeld,E/URS 1978}) 9.
f3 Bd7 10. Nb3 a5 11. a4 Nb4 $13 {Smyslov,V-Ehlvest,J/Moscow Alekhine op 1992})
8... Bxf3 9. Bxf3 Ne5 10. Be2 c6 11. a4 (11. f4 $5) 11... Qa5 (11... a5 $5) 12.
Ra3 Rfc8 13. Rb3 (13. Qd2 cxd5 14. exd5 Ned7 $6 (14... Nc4 15. Bxc4 Rxc4 16.
Rb3 b6 $1 $11) 15. Rb3 Qc7 16. Rc1 $1 a6 17. Rb4 $14 {Epishin,V-Adams,M/Las
Palmas 1994 60/117 [Epishin,V]}) 13... Rab8 (13... Qc7 14. h3 (14. Kh1 Ned7 15.
f4 a6 16. Bf3 Rab8 17. Ba7 Ra8 $13 {Vasiukov,E-Lobron,E/EUCup f 1991}) 14...
Ned7 15. f4 cxd5 16. exd5 Nc5 17. Rb4 Nfd7 18. Bd4 a5 19. Rb5 Bxd4+ 20. Qxd4
$14 {Sokolov,A-Timman,J/Brussels Swift 1988}) 14. Qd4 c5 (14... Nxd5 15. exd5
Nf3+ 16. Bxf3 Bxd4 17. Bxd4 e5 18. dxe6 fxe6 19. Ne4 e5 20. Bc3 Qc7 21. Bg4 Rf8
22. f4 $36 {Batakovs,O-Kuznetsov,S/vorr 1991 61/116 [Kuznetsov,S]}) (14... cxd5
15. Qxa7 Qxa7 16. Bxa7 Ra8 17. Rxb7 dxe4 $13 {Kuzmin,G-Azmaiparashvili,Z
Tallinn rapid Cup-URS 1988}) 15. Qd2 a6 16. f3 (16. f4 Ned7 17. g4 Ne8 18. g5
Nc7 19. Bg4 Rd8 20. Bxd7 Rxd7 21. f5 $40 {Panchenko,A-Ehlvest,J/Leningead 1984}
) 16... Ned7 17. Rb1 (17. Ra3 Ne8 18. Rfa1 Nef6 19. Kh1 Ne8 20. Qd1 Nef6 21.
Bd2 Ne8 22. Qc1 Nef6 {not so difficult to play for black! all you need to know
is to move your knight from f6 to e8 and back from e8 to f6} 23. Qe1 Re8 24.
Rd1 $14 {Gavrikov,V-Mednis,E Amsterdam Ohra-b 1987}) 17... Ne8 18. Qc1 {
this position is not easy at all but I would prefer white since it seems that
on the queen's side black is stuck,while on the king's side nothing happans
yet but white has some potential to play there with f4-g4...} Bd4 $5 19. Kh1
Ng7 (19... Bxe3 $5 20. Qxe3 c4 21. Ra3 Qc5 $5 {black seems quite OK in this
position}) 20. Bd2 $5 Qc7 21. Ra3 f5 (21... c4 22. a5 {[%csl Rc4][%cal Ga3a4]})
22. exf5 gxf5 (22... Nxf5 $142) 23. a5 Qd8 (23... Ne5 24. f4 Ng4 (24... Ng6 25.
Qe1 {[%cal Ge2f3]}) 25. Nd1 $14 {[%cal Ga3g3]}) 24. f4 $1 {a very usefull move,
taking the control over the e5 square,a making a very good place for white's
bishop on f3 after white will organize all his pieces with Ne2..} Nf6 25. Bf3 {
[%csl Re6,Re7,Rf5][%cal Ge1e8]} Qe8 (25... Ng4 26. Nd1 Qe8 27. c3 Bf6 (27...
Qh5 28. h3 (28. Bxg4 $6 fxg4 {[%cal Gg7f5]} 29. cxd4 cxd4 {[%cal Gc8c1]} 30.
Nc3 dxc3 31. Bxc3 Nf5 $13) 28... Qh4 29. Qc2 Bf6 30. Kg1 $14) 28. h3 $14) 26.
Ne2 Ne4 (26... Ng4 27. Nxd4 cxd4 28. Qg1 $1 Rxc2 29. Qxd4 Rbc8 30. Rc3 R8xc3
31. Bxc3 $16 {/+-}) 27. Be3 (27. Bxe4 $5 fxe4 28. Ng3 Qg6 29. Qe1 e3 $8 (29...
e6 30. dxe6 d5 31. c4 (31. c3 e3) 31... Qxe6 32. cxd5 Qxd5 33. Qxe4 Qxe4 34.
Nxe4 {when black has some small compensation but not enough}) 30. Bxe3 Qxc2 31.
Bxd4 cxd4 $13 32. Raa1) 27... Bf6 (27... Bxe3 28. Qxe3 Nf6 (28... e5 $6 29.
Bxe4 exf4 30. Nxf4 $16) 29. Ng3 $14) 28. c4 $1 {not only defending the d5 pawn
but even more important threatening Bxe4 followed by Ng3 when after after Qg6
white will have Qc2 [ because now the pawn is on c4 ] winning the e4 pawn} e6 (
28... b5 29. axb6 Rxb6 30. Qc2 Rcb8 31. b3 Qg6 32. g4 $1 $18) 29. Qd1 e5 $6 (
29... b5 30. axb6 Rxb6 31. b3 $14 {[%cal Gd1d3]}) 30. Qc2 $1 $16 b5 (30... exf4
31. Bxf4 Be5 32. Bxe4 fxe4 33. Re3) 31. axb6 Rxb6 32. Bxe4 fxe4 33. Ng3 exf4 $6
(33... Qg6 34. Qxe4 $16 (34. Nxe4 Kh8 35. Qd3 $16)) 34. Bxf4 $18 (34. Nxe4 Qg6
(34... Be5 35. Bxf4) 35. Bxf4 Be5 (35... Kh8 {transposes to the game}) 36. Rg3
$18) 34... Qg6 35. Nxe4 Kh8 {white is completely winning but I think I will
not be mistaken if I say he had here few seconds no more} 36. Qd3 $2 (36. Rg3
Qf5 37. Rf3 Qg6 38. Qd3 $1 Bd4 39. Rg3 Qf5 40. Bxd6 $18) 36... Rxb2 {fasten
your seat belt,before you see white's next move} (36... Bd4 $142) 37. Rf1 $4 {
??? time what to do!} (37. Rxb2 Bxb2 38. Nxd6 $16 {/+-}) 37... Qxg2# 0-1

[Event "Drury Lane"]
[Site "London"]
[Date "1997.06.23"]
[Round "8"]
[White "McDonald, Neil R"]
[Black "Dunnington, Angus J"]
[Result "1/2-1/2"]
[WhiteElo "2490"]
[BlackElo "2445"]
[Annotator "Har Zvi,R"]
[PlyCount "61"]
[EventDate "1997.06.16"]
[EventType "tourn"]
[EventRounds "9"]
[EventCountry "ENG"]
[EventCategory "10"]
[SourceTitle "CBM 060"]
[Source "ChessBase"]
[SourceDate "1997.09.29"]
[SourceVersion "1"]
[SourceVersionDate "1997.09.29"]
[SourceQuality "1"]

1. e4 d6 2. d4 g6 3. Nf3 Bg7 4. Nc3 Nf6 5. Be2 O-O 6. h3 $6 {it seems that
this move gives white something like nothing,since black may use the fact that
white;s king is still in the center} c5 (6... b6) (6... a6) (6... c6 7. a4 d5
$5 (7... Nbd7 8. a5 e5 9. dxe5 dxe5 10. a6 b5 11. Qd6 Nb6 12. Qxd8 Rxd8 13.
Nxe5 Re8 14. Nxc6 Bd7 15. Nb4 Nxe4 16. Nxe4 Rxe4 17. c3 Rae8 18. Be3 $16 {
[%csl Ra7] Larsen,B-Kristiansen,J/Esbjerg/1988/ CBM 10}) 8. e5 Ne4 9. O-O f6
10. Be3 Nxc3 11. bxc3 fxe5 12. Nxe5 Nd7 $13 {Polak,T-Nijboer,F/Wien op/1990})
7. dxc5 Qa5 (7... dxc5 8. Qxd8 (8. Be3 Qa5 9. Nd2 Rd8 10. e5 Nd5 11. Nxd5 Rxd5
12. f4 Rd8 13. O-O {1/2-1/2 Tkachiev,V-Chernin,A/Biel op/1994}) 8... Rxd8 9.
Be3 b6 10. O-O Bb7 11. Rad1 Nc6 $11 {/=/+ Djurhuus,R-Jansa,V/Gausdal Peer Gynt
1992}) 8. cxd6 (8. O-O Qxc5 9. Be3 Qa5 10. Nd4 Nc6 11. Nb3 Qc7 12. f4 Rd8 13.
Bf3 Be6 14. Rf2 Bc4 15. Nd5 Nxd5 16. exd5 Nb8 17. Bd4 $14 {[%csl Re7]
Woizech-Roos/Corr 1973 EU tt}) 8... Nxe4 9. dxe7 Re8 10. O-O Nxc3 11. bxc3 Nc6
12. Bc4 $146 (12. Bg5 h6 13. Be3 Qxc3 14. Rb1 Rxe7 15. Rb3 Qa5 16. Bc4 Bf5 17.
Qb1 Qc7 $15 {Johnstane,G-Gurevich,D/Philadelphia World cup op 1990}) (12. Nd4
Qxc3 13. Nxc6 Qxa1 14. Qd8 Be6 15. Bg5 Qc3 16. Rd1 Qxc6 17. Qxa8 Rxa8 18. Rd8+
Qe8 19. Bb5 Rxd8 20. exd8=Q Qxd8 21. Bxd8 Bxa2 $17 {/-+ Horvath,Im-Tibensky,R/
Stary Smakevec 1986}) 12... Rxe7 (12... Qxc3 $2 13. Bxf7+ Kxf7 14. Qd5+ Kxe7
15. Bf4 Be6 $8 16. Rae1 (16. Qd6+ $5 Kf6 (16... Kf7 17. Ng5+ Kg8 18. Nxe6 Qxa1
19. Rxa1 Bxa1 20. Qd5 $36 {/+/-}) 17. Qc7 $1 h6 18. Be5+ Qxe5 19. Nxe5 Nxe5 (
19... Re7 20. Qd6 Nxe5 21. Rfe1 $18) 20. Rae1 Bf5 21. f4 Nd7 22. Qxb7 $16)
16... Nd8 17. Bd6+ Kf7 (17... Kd7 18. Rxe6 Qc6 19. Qxc6+ Nxc6 20. Rxe8 Rxe8 21.
Rd1 Kc8 $14 {/+/-}) 18. Ng5+ Kg8 19. Nxe6 Nxe6 20. Rxe6 Rxe6 21. Qxe6+ $16) 13.
Bg5 Re8 $15 {black has really done nothing but he is already slightly better,
white can not defend his c3 pawn,while after black recaptures it white will
have weak pawns on the queens side} 14. Re1 (14. Rb1 $5) 14... Bf5 15. Rb1
Rxe1+ $6 (15... Qxc3 {well I do not know what wrong with this normal move
which just gives black slight advantage without any problems} 16. Bd3 Rxe1+ 17.
Qxe1 Qxe1+ 18. Nxe1 Bxd3 $15 {[%csl Ra2,Rc2] with b6 on the next move}) 16.
Qxe1 Qc5 (16... Bxc3 $2 17. Qe3 {[%cal Gb1b5,Gb1b7] with two threats Rb5 and
Rxb7} Bb4 18. a3 Qxa3 19. Qxa3 Bxa3 20. Rxb7 Be6 (20... Rf8 21. Bh6) 21. Bxe6
fxe6 22. Rc7 $16 {[%cal Gg5f6]}) 17. Qe2 $6 {both players play in a strange
way,they do not take pawns they should take,they waste time on defending
pieces that will have to go back on the next move [ such as 17.Bd3 or as in
the game 17.Qe2 and after Na5 18.Bd3 ]this is not the most correct game seen} (
17. Bd3 $5 Bxc3 (17... Bxd3 18. cxd3 Bxc3 19. Qe3 {the problem here is that
after the queen exchanges black can not play b6 because of Rc1}) 18. Qe2 Be6 (
18... Bxd3 19. Qxd3 {[%cal Gb1b7,Gb1b5]} Na5 20. Rb5 Qc7 21. Rd5 $36 {[%cal
Gd1d8]}) 19. Rxb7 Bxa2 20. Be3 Qd5 $13) 17... Na5 18. Bd3 Bxd3 19. cxd3 (19.
Qxd3 $5 Qxc3 20. Bd2 Qc7 21. Bxa5 Qxa5 22. Rxb7 Qxa2 $13 {/=}) 19... Qxc3 20.
d4 (20. Rc1 $5 Qb4 (20... Qa3 21. Rc7) (20... Qb2 21. Qxb2 Bxb2 22. Rc7 $14 {
[%cal Gd3d8] /+/-}) 21. Qc2) 20... Qc6 21. Ne5 $6 (21. Rc1 $142 $1 {I do not
know why white ignores the "c" file,he could have played Rc1 move ago,but this
it just seems strong} Qa4 (21... Qd7 22. Qd2 {[%cal Gd4d5]}) 22. d5 $36) 21...
Qe6 22. Qd2 b6 (22... Bxe5 23. dxe5 Qxe5 (23... Nc4 24. Qd4) 24. Re1 $36 Qc7
25. Bf6 Qb6 26. Ba1 {[%cal Ga1h8]}) 23. Ng4 Nc4 24. Qd3 Nd6 25. Rc1 $6 {
finally,although I do not understand whta happans after Qxa2,and why white
gave this pawn,I can understand why black did not take it now and played first
25...h5 because he thought that after 26.d5 Qe4 he is winning,that explains
why white played Ne3 and not d5 he thought the same thing!!} (25. d5) 25... h5
$6 (25... Qxa2 $5) 26. Ne3 $2 (26. d5 Qe4 27. Nh6+ Bxh6 (27... Kf8 28. Qa3 $13)
28. Qxe4 Nxe4 29. Bxh6 Rd8 30. f3 Ng3 {and black is OK}) 26... Qxa2 $17 27. Be7
Qe6 (27... Rc8 $142 $1 28. Rd1 (28. Rxc8+ Nxc8 {and white is losing the "d"
pawn after Qe1}) 28... Qe6 {is nice improvement for black who controls now the
"c" file}) 28. Rc7 Qe4 29. Qxe4 Nxe4 30. d5 {this is a Grunfeld position,with
black's pawns on a7-b6 and white pawn dawn a strong pass "d" pawn with rook on
c7,tyipcal Grunfeld} Bf8 (30... Be5 31. Rc6 $44 {[%cal Gd5d6,Gd6d7,Ge3c4]} (31.
Rb7 Rc8 32. g4 Rc7)) 31. Bxf8 {when the players agreed draw,to early I think
although after 31...KxB 32.Nc4 white has compensation and the game will
probably end with a draw black is the better side after for example 32...Rd8
33.f3 [ the best move ] and now maybe 33...Nc3 [ 33...Nd6 34.Ne5 ]} 1/2-1/2